| 000 | 00769nam a22002657a 4500 | ||
|---|---|---|---|
| 003 | 0 | ||
| 005 | 20180728174641.0 | ||
| 008 | 0 | ||
| 010 | _aB-216921 | ||
| 020 |
_c250.00 _a8180544311 |
||
| 035 | _aB-216921, B-216922 | ||
| 037 | _bCen Lib/Ret | ||
| 040 |
_aDPL _bEN _c0 |
||
| 082 |
_a332.1 _bJEE |
||
| 100 |
_aJeevannandam, C. _919790 |
||
| 245 |
_aGeneral bank management / _cby C.Jeevannandam;C.B.Gupa [and] T.D.Malhotra |
||
| 260 |
_aNew Delhi _bSultan Chand & Sons _c2006 |
||
| 270 |
_a23,Darya Ganj _bNew Delhi _e110002 |
||
| 300 |
_aVarous pages _c23cm(pbk) |
||
| 650 |
_aBanks-Banking _919791 |
||
| 650 |
_aBank management _919792 |
||
| 700 |
_aGupta, C.B. _919777 |
||
| 700 |
_aMalhotra, T.D. _919793 |
||
| 942 |
_2ddc _cEN _h332.1 _mJEE |
||
| 999 |
_c127209 _d127209 |
||